Constructivism / (Record no. 354089)

000 -LEADER
fixed length control field 01958nam a2200289 a 4500
001 - CONTROL NUMBER
control field ASIN8493923125
003 - CONTROL NUMBER IDENTIFIER
control field OSt
005 - DATE AND TIME OF LATEST TRANSACTION
control field 20180116192428.0
008 - FIXED-LENGTH DATA ELEMENTS--GENERAL INFORMATION
fixed length control field 150712s2014 xxu eng d
020 ## - INTERNATIONAL STANDARD BOOK NUMBER
International Standard Book Number 8493923125 (paperback)
Terms of availability $32.50
020 ## - INTERNATIONAL STANDARD BOOK NUMBER
International Standard Book Number 9788493923129 (paperback)
020 ## - INTERNATIONAL STANDARD BOOK NUMBER
International Standard Book Number 8493923125
040 ## - CATALOGING SOURCE
Transcribing agency 0
050 04 - LIBRARY OF CONGRESS CALL NUMBER
Classification number N6988.5.C64
082 04 - DEWEY DECIMAL CLASSIFICATION NUMBER
Classification number 709.47
100 1# - MAIN ENTRY--PERSONAL NAME
Personal name Gan, Aleksei.
9 (RLIN) 8134
245 10 - TITLE STATEMENT
Title Constructivism /
Statement of responsibility, etc. Aleksei Gan, Christina Lodder.
260 ## - PUBLICATION, DISTRIBUTION, ETC.
Place of publication, distribution, etc. Barcelona :
Name of publisher, distributor, etc. Tenov Books,
Date of publication, distribution, etc. 2014.
300 ## - PHYSICAL DESCRIPTION
Extent 178 p. ;
Dimensions 22 cm.
520 ## - SUMMARY, ETC.
Summary, etc. Published in 1922 in Russian, Aleksei Gan’s Constructivism was the first theoretical treatise of postrevolutionary Russia’s emergent Constructivist movement. Fired with revolutionary zeal, it was unquestionably a declaration of war on traditional bourgeois art. Constructivism recasts artists and architects as Constructors, turning away from aesthetic or speculative problems in art and instead focusing on the fusion of art with everyday life in order to create a functional system of design, one in keeping with the great task of building the new communist society. This edition replicates Gan’s original layout, which was one of the first experiments in Constructivist typography and graphic design, and it also presents a substantial introductory essay by art historian Christina Lodder that examines Gan’s own odd, mercurial character and the tracks he left across avant-garde Russian graphics, architecture, film, and theater. Nearly a century later, Constructivism remains a powerful manifesto, and this new translation will help scholars trace its enduring influence on twentieth-century art and design.
650 #0 - SUBJECT ADDED ENTRY--TOPICAL TERM
Topical term or geographic name entry element Art, Soviet
9 (RLIN) 8135
650 #0 - SUBJECT ADDED ENTRY--TOPICAL TERM
Topical term or geographic name entry element Constructivism (Art)
9 (RLIN) 8136
650 #0 - SUBJECT ADDED ENTRY--TOPICAL TERM
Topical term or geographic name entry element Soviet Union
9 (RLIN) 8137
700 1# - ADDED ENTRY--PERSONAL NAME
Personal name Lodder, Christina.
9 (RLIN) 8138
856 40 - ELECTRONIC LOCATION AND ACCESS
Materials specified Amazon.com
Uniform Resource Identifier <a href="http://www.amazon.com/exec/obidos/ASIN/8493923125/chopaconline-20">http://www.amazon.com/exec/obidos/ASIN/8493923125/chopaconline-20</a>
942 ## - ADDED ENTRY ELEMENTS (KOHA)
Source of classification or shelving scheme
Koha item type Book
Holdings
Withdrawn status Lost status Source of classification or shelving scheme Damaged status Not for loan Permanent Location Current Location Date acquired Total Checkouts Total Renewals Full call number Barcode Date last seen Date last checked out Copy number Cost, replacement price Price effective from Koha item type
          School of Art Design and Architecture (SADA) School of Art Design and Architecture (SADA) 07/01/2015 2 1 709.47 GAN 2014 SADA0002484 05/21/2024 05/03/2024 01 3433.07 07/13/2015 Book
© 2023 Central Library, National University of Sciences and Technology. All Rights Reserved.